000 00796nam a2200217 a 4500
001 BRL_1626
005 20190320211309.0
008 060116s1983----mx-ae#####---#000-0#spa-#
041 _aspa
044 _amx
050 4 _aF1219
_b.G37 1983
100 1 _aGarcía Cubas, Antonio
_d1832-1912
_98182
245 1 0 _aMemoria para servir a la carta general del imperio mexicano y demás naciones descubiertas y conquistadas por los españoles durante el siglo xvi en el territorio perteneciente hoy á la República Mexicana
_cpor Antonio García Cubas.
260 _aMéxico
_bJorge Porrúa
_c1983
300 _a57 p.
_bil., planos
_c21 cm.
500 _aAu1882
650 1 4 _aIndígenas de México
_94678
651 4 _aMéxico
_xHistoria
_yConquista, 1519-1540
_9442
902 _aGRL
942 _2lcc
_cB
999 _c10435
_d10435